International Business : Competing in the Global Marketplace (Record no. 91974)
[ view plain ]
| 000 -LEADER | |
|---|---|
| fixed length control field | 00504nam a2200193Ia 4500 |
| 008 - FIXED-LENGTH DATA ELEMENTS--GENERAL INFORMATION | |
| fixed length control field | 230125s9999 xx 000 0 und d |
| 020 ## - INTERNATIONAL STANDARD BOOK NUMBER | |
| International Standard Book Number | 0-07-060088-0 |
| 041 ## - LANGUAGE CODE | |
| Language code of text/sound track or separate title | eng |
| 082 ## - DEWEY DECIMAL CLASSIFICATION NUMBER | |
| Classification number | 650.01 |
| Item number | HIL |
| 100 ## - MAIN ENTRY--PERSONAL NAME | |
| Personal name | Hill C W L |
| 9 (RLIN) | 107371 |
| 245 ## - TITLE STATEMENT | |
| Title | International Business : Competing in the Global Marketplace |
| 250 ## - EDITION STATEMENT | |
| Edition statement | 5th ed |
| 260 ## - PUBLICATION, DISTRIBUTION, ETC. (IMPRINT) | |
| Date of publication, distribution, etc. | 2007 |
| Name of publisher, distributor, etc. | Tata McGraw Hill |
| Place of publication, distribution, etc. | New Delhi |
| 300 ## - PHYSICAL DESCRIPTION | |
| Extent | 624p |
| 500 ## - GENERAL NOTE | |
| Keywords | IBM |
| 650 ## - SUBJECT ADDED ENTRY--TOPICAL TERM | |
| Topical term or geographic name as entry element | Management |
| 700 ## - ADDED ENTRY--PERSONAL NAME | |
| Personal name | Hill C W L & Jain A K |
| Withdrawn status | Lost status | Damaged status | Not for loan | Home library | Current library | Date acquired | Vendor | Full call number | Barcode | Date last seen | Bill Date | Koha item type | Original Barcode | Cost, normal purchase price | Cost, replacement price |
|---|---|---|---|---|---|---|---|---|---|---|---|---|---|---|---|
| Smt. Hiraben Nanavati Institute of Management & Research for Women | Smt. Hiraben Nanavati Institute of Management & Research for Women | 30/03/2013 | Satya Gilani | 650.01 HIL DB1826 | HIMR-DB-1826 | 25/01/2023 | 30/03/2013 | Donated Book | DB1826 | ||||||
| Withdrawn 2022-23 | Smt. Hiraben Nanavati Institute of Management & Research for Women | Smt. Hiraben Nanavati Institute of Management & Research for Women | 12/09/2002 | Satya Gilani | 650.01 HIL B03276 | HIMR-BK-3276 | 25/01/2023 | 25/01/2023 | Books | B03276 | 295.00 | 250.99 |